000 00340 a2200145 4500
001 177254
020 _a
040 _cMagnum
100 _aBrener, Jayme
240 1 0 _aLeste europeu: a revolucao democratica
_lpor
245 1 0 _aLeste europeu: a revolucao democratica
362 0 _a1899
697 _aMAGNITO: PARADIDATICO
942 _cBK
999 _c177254
_d177254